The parables of Jesus / (Record no. 4522)

MARC details
000 -LEADER
fixed length control field 00869pam a2200289 a 4500
001 - CONTROL NUMBER
control field 91179
003 - CONTROL NUMBER IDENTIFIER
control field GBCCL
005 - DATE AND TIME OF LATEST TRANSACTION
control field 20241126110520.0
008 - FIXED-LENGTH DATA ELEMENTS--GENERAL INFORMATION
fixed length control field 890616s1989 ilu b 001 0 eng
010 ## -
-- 89036270
020 ## - INTERNATIONAL STANDARD BOOK NUMBER
International Standard Book Number 0340488115
035 ## - SYSTEM CONTROL NUMBER
System control number (OCoLC)ocm20013243
040 ## - CATALOGING SOURCE
Original cataloging agency DLC
Transcribing agency DLC
049 ## -
-- LBBK
050 00 -
-- BT375.2
-- .W46 1989
082 00 - DEWEY DECIMAL CLASSIFICATION NUMBER
Classification number 226.806
Edition information 20
Item number WEN
090 ## - LOCALLY ASSIGNED LC-TYPE CALL NUMBER (OCLC); LOCAL CALL NUMBER (RLIN)
Classification number (OCLC) (R) ; Classification number, CALL (RLIN) (NR) BT375.2
Local cutter number (OCLC) ; Book number/undivided call number, CALL (RLIN) .W46 1989
100 1# - MAIN ENTRY--PERSONAL NAME
Personal name Wenham, David.
9 (RLIN) 2754
245 14 - TITLE STATEMENT
Title The parables of Jesus /
Statement of responsibility, etc. David Wenham.
260 ## - PUBLICATION, DISTRIBUTION, ETC.
Place of publication, distribution, etc. Downers Grove, Ill. :
Name of publisher, distributor, etc. InterVarsity Press,
Date of publication, distribution, etc. c1989.
300 ## - PHYSICAL DESCRIPTION
Extent 256 p. ;
Dimensions 21 cm.
440 #0 - SERIES STATEMENT/ADDED ENTRY--TITLE
Title Jesus library
9 (RLIN) 8396
504 ## - BIBLIOGRAPHY, ETC. NOTE
Bibliography, etc. note Includes bibliographical references (p. [246]-248) and indexes.
600 00 - SUBJECT ADDED ENTRY--PERSONAL NAME
Personal name Jesus Christ
General subdivision Parables.
9 (RLIN) 2282
630 00 - SUBJECT ADDED ENTRY--UNIFORM TITLE
Uniform title Bible.
Name of part/section of a work N.T.
-- Gospels
General subdivision Criticism, interpretation, etc.
9 (RLIN) 2995
942 ## - ADDED ENTRY ELEMENTS (KOHA)
Source of classification or shelving scheme Dewey Decimal Classification
Koha item type Books
Koha issues (borrowed), all copies 9
Holdings
Withdrawn status Lost status Source of classification or shelving scheme Damaged status Not for loan Home library Current Library Shelving location Date acquired Total checkouts Total renewals Full call number Barcode Date last seen Date last checked out Copy number Price effective from Koha item type
    Dewey Decimal Classification     GRACE BIBLE COLLEGE GRACE BIBLE COLLEGE Biblical Studies 2018-01-24 4 1 226.806 WEN 001818 2025-05-01 2024-08-07 c.1 2018-01-24 Books
    Dewey Decimal Classification     GRACE BIBLE COLLEGE GRACE BIBLE COLLEGE Biblical Studies 2018-01-24 7 5 226.806 WEN 002704 2025-05-27 2024-12-05 c.2 2018-01-24 Books
© Grace Bible College Library 2025